000 00638nam a2200229Ia 4500
003 OSt
005 20220918202434.0
006 a|||||r|||| 00| 0
007 ta
008 220917b |||||||| |||| 00| 0 eng d
024 _a101,207
037 _cTextual
040 _aARTS
_cARTS
_beng
041 _2eng
_aeng
082 _aV211:71.D700, L5
100 _aSrivansan K R
_9103744
245 0 _aDharaarja ratha and its scultures mahabalipuram
260 _aNew Delhi
_bAbhainavan Publications
_c1975
650 _aHISTORY
942 _hV211:71.D700, L5
_cTEXL
_2CC
999 _c224719
_d224719